Miglior piazzamento in Serie A - Quiz n°2 - Statistics

Statistiche generali
  • Questo quiz è stato fatto 18 volte
  • Il punteggio medio è 8 su 21
Statistiche sulle risposte
Hint Risposta % Corretto
Genoa Campione
100%
Bologna Campione
88%
Pro Vercelli Campione
88%
Lazio Campione
88%
Cagliari Campione
82%
Sampdoria Campione
76%
Atalanta Terzo posto
53%
Palermo Quinto posto
47%
Treviso Diciannovesimo posto
35%
Pescara Quattordicesimo posto
18%
Spezia Quindicesimo posto
18%
Reggina Decimo posto
12%
Frosinone Diciannovesimo posto
12%
Lecce Nono posto
12%
Cesena Sesto posto
12%
Lecco Quattordicesimo posto
6%
Triestina Secondo posto
6%
Udinese Secondo posto
6%
Ancona Diciassettesimo posto
0%
Modena Terzo posto
0%
Pisa Undicesimo posto
0%
Nessun quiz corrispondente trovato
Distribuzione punteggi
Percentuale di utenti per punteggio
Percentile per numero di risposta
I tuoi punteggi nel tempo
Non hai fatto questo quiz